Truyện ngắn A.Chekhov dưới góc nhìn trần thuật học /

Guardado en:
Detalles Bibliográficos
Autor principal: Nguyễn Thị Như Trang.
Formato: Artículo
Lenguaje:Vietnamese
Materias:
Etiquetas: Agregar Etiqueta
Sin Etiquetas, Sea el primero en etiquetar este registro!
Thư viện lưu trữ: Thư viện Trường Đại học Đà Lạt
LEADER 00843nam a2200301 4500
001 DLU060055948
040 # # |a DLU  |b vie 
041 # # |a vie 
044 # # |a vn 
100 # # |a Nguyễn Thị Như Trang. 
245 # # |a Truyện ngắn A.Chekhov dưới góc nhìn trần thuật học /  |c Nguyễn Thị Như Trang. 
653 # # |a Chekhov,A.P 
653 # # |a Sêkhốp,A.P 
653 # # |a Trần thuật 
653 # # |a Truyện ngắn 
653 # # |a Tsekhov,A.P 
773 # # |t Nghiên cứu văn học  |g Số 3, 2006, tr. 118-126 
920 # # |a Phòng Tạp chí -- Trung tâm Thông tin - Thư viện Trường Đại học Đà Lạt 
933 # # |a VH 
994 # # |a DLU 
900 # # |a True 
911 # # |a Nguyễn Thị Minh Cầm 
925 # # |a G 
926 # # |a A 
927 # # |a BB 
980 # # |a Thư viện Trường Đại học Đà Lạt